Statistics for Counting Backwards

Click here to take the quiz!

General Stats

  • This quiz has been taken 86 times
  • The average score is 70 of 100

Answer Stats

#% Correct
100
100%
98
100%
99
100%
89
96%
90
96%
91
96%
92
96%
93
96%
94
96%
95
96%
96
96%
97
96%
77
94%
78
94%
79
94%
80
94%
81
94%
82
94%
83
94%
84
94%
85
94%
86
94%
87
94%
88
94%
73
93%
74
93%
75
93%
76
93%
72
91%
64
89%
65
89%
66
89%
67
89%
68
89%
69
89%
70
89%
71
89%
61
87%
62
87%
63
87%
60
85%
59
83%
54
80%
55
80%
56
80%
57
80%
58
80%
53
78%
51
76%
52
76%
50
74%
49
70%
44
69%
45
69%
46
69%
47
69%
48
69%
43
67%
41
65%
42
65%
40
61%
39
59%
32
57%
33
57%
34
57%
35
57%
36
57%
37
57%
38
57%
29
56%
30
56%
31
56%
27
54%
28
54%
26
52%
22
48%
23
48%
24
48%
25
48%
21
46%
20
44%
18
43%
19
43%
17
41%
12
39%
13
39%
14
39%
15
39%
16
39%
11
37%
10
35%
7
31%
8
31%
9
31%
1
28%
2
28%
3
28%
4
28%
5
28%
6
28%

Score Distribution

Percentile by Number Answered

Percent of People with Each Score

Your Score History

You have not taken this quiz